Giáo trình hóa lý
Nội dung giới thiệu nguyên lí thứ nhất của nhiệt động lực học, nhiệt hóa học áp dụng nguyên lí thứ nhất vào quá trình hóa học. Nguyên lí thứ hai của nhiệt động lực học. Sự kết hợp giữa nguyên lí thứ nhất và thư hai của nhiệt động...
שמור ב:
| מחבר ראשי: | |
|---|---|
| פורמט: | ספר |
| שפה: | Undetermined |
| יצא לאור: |
Hà Nội
Giáo Dục
2000
|
| נושאים: | |
| תגים: |
הוספת תג
אין תגיות, היה/י הראשונ/ה לתייג את הרשומה!
|
| Thư viện lưu trữ: | Trung tâm Học liệu Trường Đại học Cần Thơ |
|---|
| LEADER | 01118nam a2200229Ia 4500 | ||
|---|---|---|---|
| 001 | CTU_41444 | ||
| 008 | 210402s9999 xx 000 0 und d | ||
| 020 | |b 8.500đ | ||
| 082 | |a 541.3 | ||
| 082 | |b H507/T1 | ||
| 100 | |a Nguyễn, Đình Huề | ||
| 245 | 0 | |a Giáo trình hóa lý | |
| 245 | 0 | |c Nguyễn Đình Huề | |
| 260 | |a Hà Nội | ||
| 260 | |b Giáo Dục | ||
| 260 | |c 2000 | ||
| 520 | |a Nội dung giới thiệu nguyên lí thứ nhất của nhiệt động lực học, nhiệt hóa học áp dụng nguyên lí thứ nhất vào quá trình hóa học. Nguyên lí thứ hai của nhiệt động lực học. Sự kết hợp giữa nguyên lí thứ nhất và thư hai của nhiệt động lực học, hàm nhiệt động, điều kiện tổng quát về cân bằng và hệ một cấu tử. | ||
| 526 | |a Hóa lý 1 | ||
| 526 | |b TN108 | ||
| 650 | |a Chemistry, physical and theoretical | ||
| 904 | |i Minh, 010522 | ||
| 980 | |a Trung tâm Học liệu Trường Đại học Cần Thơ | ||